000 00284nam a2200121Ia 4500
008 190216s9999||||xx |||||||||||||| ||und||
100 _aSurjeeth Singh
245 0 _aModern Algebra
250 _a3RD EDITION
260 _bVikas Publishing House
650 _aMathematics
942 _cBK
999 _c30659
_d30659